书目信息 |
| 题名: |
劈波斩浪:海船发展史话
|
|
| 作者: | 唐志拔 编著 | |
| 分册: | ||
| 出版信息: | 哈尔滨 哈尔滨船舶工程学院出版社 1998.08 |
|
| 页数: | 323页 | |
| 开本: | 32开 | |
| 丛书名: | ||
| 单 册: | ||
| 中图分类: | E926.6 | |
| 科图分类: | ||
| 主题词: | 武器--军事技术 , 军用器材--军事技术 | |
| 电子资源: | ||
| ISBN: | 7-81007-877-1 | |
| 000 | 00595nam0 2200193 45 | |
| 001 | 0011150926 | |
| 005 | 20001116083355.6 | |
| 010 | @a7-81007-877-1@d18.00CNY | |
| 100 | @a20001115d1998 km y0chiy0120 ea | |
| 101 | 0 | @achi |
| 200 | 1 | @a劈波斩浪:海船发展史话@APi Bo Zhan Lang:Hai Chuan Fa Zhan Shi Hua@f唐志拔编著@FTang Zhi Ba Bian Zhu |
| 210 | @a哈尔滨@c哈尔滨船舶工程学院出版社@d1998.08 | |
| 215 | @a323页@d32开 | |
| 606 | 0 | @a武器@x军事技术 |
| 606 | 0 | @a军用器材@x军事技术 |
| 690 | @aE926.6@v3 | |
| 701 | 0 | @a唐志拔@4编著 |
| 801 | @aCN@bPftUser@c20001115 | |
| 905 | @b408828-830@dE926.6@eT051@f3 | |
| 劈波斩浪:海船发展史话/唐志拔编著.-哈尔滨:哈尔滨船舶工程学院出版社,1998.08 |
| 323页;32开 |
| ISBN 7-81007-877-1:18.00CNY |
| ● |
| 相关链接 |
|
|
|
正题名:劈波斩浪:海船发展史话
索取号:E926.6/T051
 
预约/预借
| 序号 | 登录号 | 条形码 | 馆藏地/架位号 | 状态 | 备注 |
| 1 | 396924 | 203969241 | 社科库509/509社科库 127排2列6层/ [索取号:E926.6/T051] | 在馆 | |
| 2 | 396925 | 203969250 | 社科库509/509社科库 127排2列6层/ [索取号:E926.6/T051] | 在馆 | |
| 3 | 396926 | 203969269 | 社科库509/509社科库 127排2列6层/ [索取号:E926.6/T051] | 在馆 | |
| 4 | 408828 | 204088281 | 社科库509/509社科库 127排2列6层/ [索取号:E926.6/T051] | 在馆 | |
| 5 | 408829 | 204088290 | 社科库509/509社科库 127排2列6层/ [索取号:E926.6/T051] | 在馆 | |
| 6 | 408830 | 204088307 | 社科库509/509社科库 127排2列6层/ [索取号:E926.6/T051] | 在馆 |